000 00625naa a2200205 a 4500
001 85578
003 BD-RjUL
005 20250827103229.0
008 250827s1973 pk ||||| |||| 00| 0 urd d
035 _a(BD-RjUL)85578
040 _aBD-RjUL
_beng
_cBD-RjUL
041 _aeng
082 _223
_a491.4393593
_bURD 1973
245 _aاردو پشتو لغت ;; Urdu Pashto Lugat /
_cترتیب ترجمہ انوار الحق ;; tartib tarjamah anwar alhaq
260 _aLahore :
_bmarkaji urdu ,
_c1973
300 _aV. ;
_c23 cm
505 _aVol. ڈ-ی .--
650 _aUrdu Pashto Dictionary
_916673
942 _2ddc
_cBK
999 _c85578
_d85578